| 000 | nam a22 7a 4500 | ||
|---|---|---|---|
| 999 |
_c329221 _d329221 |
||
| 001 | 1860 | ||
| 003 | ASAB | ||
| 005 | 20170427114414.0 | ||
| 008 | 170427b xxu||||| |||| 00| 0 eng d | ||
| 020 | _a978-81-7233-543-4 | ||
| 040 | _cASAB | ||
| 082 | _a633 | ||
| 245 |
_aDiseases of horticultural crops: nematode problems and their management _cby P. parvatha reddy |
||
| 260 |
_aJodhpur _bScientific Publishers ( INDIA ) _c2008. |
||
| 300 | _a379 p. | ||
| 942 |
_2ddc _cBK |
||